| 000 | 00386nam a2200169 a 4500 | ||
|---|---|---|---|
| 008 | 190603s2004|||| d | ||
| 100 | 1 | _aRerichová Helena | |
| 245 | 1 | 0 | _aTajemné vlastnosti předmetu |
| 020 |
_a8089115586 _c0 |
||
| 260 |
_bEugenika _c2004 _aPraha |
||
| 250 | _a1.vydanie | ||
| 300 | _a204 s. | ||
| 041 | _acze | ||
| 044 | _aCZ | ||
| 958 | _aAZN | ||
| 958 | _aA | ||
| 999 |
_c20771 _d20771 |
||